000 003320000a22001570004500
005 20120302053224.0
942 _cBOOK
245 _a Holy bible
260 _aLondon:
_bBritish and Foreign Bible,
_c1920
300 _a921p
040 _aENG
365 _bRs.
650 _aReligion
650 _aChristian
650 _aHoly Bible
999 _c342282
_d342279